000 00618cam a22002293a 4500
001 23509
003 PGUSA
005 20140828083512.0
008 071116s2007||||xxu|||||s|||||000 1 eng d
040 _aPGUSA
_beng
042 _adc
100 1 _aHardart, F. E.
245 1 4 _aThe Beast of Space
_h[electronic resource] /
_cF. E. Hardart
260 _bProject Gutenberg,
_c2007
506 _aPublic domain in the USA.
516 _aElectronic text
653 _aShort stories
653 _aScience fiction
830 0 _aProject Gutenberg
_v23509
856 4 0 _uhttp://www.gutenberg.org/ebooks/23509
942 _cEB
999 _c252764
_d252764